| 000 | 00628nam a2200241Ia 4500 | ||
|---|---|---|---|
| 003 | OSt | ||
| 005 | 20221005115105.0 | ||
| 006 | a|||||r|||| 00| 0 | ||
| 007 | ta | ||
| 008 | 221004b |||||||| |||| 00| 0 eng d | ||
| 024 | _a67903 | ||
| 037 | _cTextual | ||
| 040 |
_aCRL _cCRL _beng |
||
| 041 |
_2eng _aeng |
||
| 082 | _aX9M1::3:N3, H7 | ||
| 100 |
_aCalder- Marshall Arthur _9627098 |
||
| 245 | 0 | _aBook front | |
| 260 | _c1947 | ||
| 490 | _aNew developments, ed. dy Jack lindasy.; 4 | ||
| 650 | _aECONOMICS | ||
| 942 |
_hX9M1::3:N3, H7 _cTEXL _2cc |
||
| 999 |
_c1033390 _d1033390 |
||